विज्ञान शिक्षण/ (Record no. 197841)
[ view plain ]
| 000 -LEADER | |
|---|---|
| fixed length control field | 00789nam a2200181 4500 |
| 005 - DATE AND TIME OF LATEST TRANSACTION | |
| control field | 20230911122719.0 |
| 010 ## - LCCN (DPL NO) | |
| LC control number | HIN-125810 |
| 020 ## - INTERNATIONAL STANDARD BOOK NUMBER | |
| Terms of availability | 400.00 |
| International Standard Book Number | 9788189433512 |
| 035 ## - SYSTEM CONTROL NUMBER | |
| System control number | HN-98156 |
| 037 ## - SOURCE OF ACQUISITION | |
| Source of stock number/acquisition | DBAD/PUB |
| 082 ## - DEWEY DECIMAL CLASSIFICATION NUMBER | |
| Classification number | 500 |
| 100 ## - MAIN ENTRY--PERSONAL NAME | |
| Personal name | सिंह, अंजना |
| 245 ## - TITLE STATEMENT | |
| Title | विज्ञान शिक्षण/ |
| Statement of responsibility, etc | कुमार विक्रमादित्य |
| Medium | हिंदी |
| 260 ## - PUBLICATION, DISTRIBUTION, ETC. (IMPRINT) | |
| Place of publication, distribution, etc | दिल्ली |
| Name of publisher, distributor, etc | कैलिवर प्रकाशन एवं वितरण |
| Date of publication, distribution, etc | 2018 |
| 270 ## - ADDRESS | |
| Address | L-45, द्वितीय तल, गली न.-5, शिवाजी मार्ग , करतार नगर |
| City | दिल्ली |
| 300 ## - PHYSICAL DESCRIPTION | |
| Extent | 160 p (सजिल्द) |
| Dimensions | 22cm(pbk) |
| 942 ## - ADDED ENTRY ELEMENTS (KOHA) | |
| Source of classification or shelving scheme | Dewey Decimal Classification |
| Item type | Hindi Books |
| Classification part | 500 |
| Call number suffix | सिंहअ |
| Withdrawn status | Lost status | Not for loan | Collection code | Home library | Current library | Date acquired | Source of acquisition | Cost, normal purchase price | Full call number | Barcode | Copy number | Cost, replacement price | Koha item type |
|---|---|---|---|---|---|---|---|---|---|---|---|---|---|
| Non-fiction | Central Jail Tihar | Central Jail Tihar | 05/09/2023 | DBAD/PUB | 400.00 | 500 सिंहअ | HN-98156 | 1 | 400.00 | Hindi Books |
